000 00734nam a22002177a 4500
003 UA-OsUOA
001 122282
007 ta
008 20170424b un ||||| |||| 00| 0 ukr d
100 _aПатицька Х.О.
090 _a330(477)
_bП20
942 _cSA
040 _aUA-OsUOA
_bukr
_cUA-OsUOA
_dUA-OsUOA
245 _aОсобливості формування податкових доходів місцевих бюджетів в умовах фінансової децентралізації
300 _aС.53-63
955 _a0
041 _aukr
080 _a330(477)
773 0 _w122277
_tРегіональна економіка
_dЛьвів
_d2017
_g1
650 7 _a330 Економіка взагалі
_2UDC
999 _c408492
_d408492